000 00683nam a22002177a 4500
003 UA-OsUOA
001 77412
007 ta
008 20110913b un ||||| |||| 00| 0 ukr d
100 _aГнатюк М.
090 _a94(477)
_bГ56
942 _cSA
040 _aUA-OsUOA
_bukr
_cUA-OsUOA
_dUA-OsUOA
245 _aМетаморфози Маркіянового сподвижника Яків Головацький: від "Русалки Дністрової" до москвофільства
300 _aС.8
955 _a0
041 _aukr
080 _a94(477)
773 0 _w77411
650 7 _a9 Географія. Біографії. Історія
_2UDC
999 _c363715
_d363715